PLGA based film forming systems for superficial fungal infections treatment

Elmentve itt :
Bibliográfiai részletek
Szerzők: Šnejdrová Eva
Martiška Juraj
Loskot Jan
Paraskevopoulos Georgios
Kováčik Andrej
Regdon Géza (ifj.)
Budai-Szűcs Mária
Palát Karel
Konečná Klára
Dokumentumtípus: Cikk
Megjelent: 2021
Sorozat:EUROPEAN JOURNAL OF PHARMACEUTICAL SCIENCES 163
doi:10.1016/j.ejps.2021.105855

mtmt:32025942
Online Access:http://publicatio.bibl.u-szeged.hu/21490
LEADER 01023nab a2200289 i 4500
001 publ21490
005 20210527113454.0
008 210527s2021 hu o 0|| zxx d
022 |a 0928-0987 
024 7 |a 10.1016/j.ejps.2021.105855  |2 doi 
024 7 |a 32025942  |2 mtmt 
040 |a SZTE Publicatio Repozitórium  |b hun 
041 |a zxx 
100 1 |a Šnejdrová Eva 
245 1 0 |a PLGA based film forming systems for superficial fungal infections treatment  |h [elektronikus dokumentum] /  |c  Šnejdrová Eva 
260 |c 2021 
300 |a Terjedelem: 13 p-Azonosító: 105855 
490 0 |a EUROPEAN JOURNAL OF PHARMACEUTICAL SCIENCES  |v 163 
700 0 1 |a Martiška Juraj  |e aut 
700 0 1 |a Loskot Jan  |e aut 
700 0 1 |a Paraskevopoulos Georgios  |e aut 
700 0 1 |a Kováčik Andrej  |e aut 
700 0 1 |a Regdon Géza (ifj.)  |e aut 
700 0 2 |a Budai-Szűcs Mária  |e aut 
700 0 2 |a Palát Karel  |e aut 
700 0 2 |a Konečná Klára  |e aut 
856 4 0 |u http://publicatio.bibl.u-szeged.hu/21490/1/Snejdrova_EJPS.pdf  |z Dokumentum-elérés